LEADER 01375nam 2200325Ia 450 001 996387420203316 005 20200824132844.0 035 $a(CKB)4940000000087122 035 $a(EEBO)2240875160 035 $a(OCoLC)ocm52528774e 035 $a(OCoLC)52528774 035 $a(EXLCZ)994940000000087122 100 $a20030701d1648 uy 0 101 0 $aeng 135 $aurbn||||a|bb| 200 10$aDirections of the Generall Assembly$b[electronic resource] $econcerning secret and private worship, and mutuall edification, for cherishing piety, for maintaining unity, and avoiding schisme and division. With an act for observing these directions, and censuring such use to neglect family worship. And an act against such as withdraw themselves from the publike worship in their own congregations 210 $aEdinburgh $cPrinted by Evan Tyler, Printer to the Kings most excellent Majestie$d1648 215 $a15 p 300 $aSigned: A. Ker. 300 $aReproduction of the original in the National Library of Scotland. 330 $aeebo-0097 606 $aPublic worship$xChurch of Scotland$vEarly works to 1800 615 0$aPublic worship$xChurch of Scotland 701 $aKer$b A$01001307 801 0$bEAE 801 1$bEAE 906 $aBOOK 912 $a996387420203316 996 $aDirections of the Generall Assembly$92340622 997 $aUNISA